| Tag |
First Indicator |
Second Indicator |
Subfields |
| LEADER |
00000cam a2200000Mi 4500 |
| 001 |
in00004773621 |
| 006 |
m o d |
| 007 |
cr |n||||||||n |
| 008 |
150403s2001 gw a fod z000 0 ger d |
| 005 |
20240212223347.2 |
| 035 |
|
|
|a (OCoLC)on1013941544
|
| 040 |
|
|
|a DEGRU
|b eng
|c DEGRU
|d OCLCO
|d OCLCQ
|d DEGRU
|d OCLCF
|d OCLCQ
|d WYU
|d SFB
|d OCLCO
|d OCLCL
|
| 020 |
|
|
|a 9783110879964
|
| 020 |
|
|
|a 3110879964
|
| 024 |
7 |
|
|a 10.1515/9783110879964
|2 doi
|
| 035 |
|
|
|a (OCoLC)1013941544
|
| 043 |
|
|
|a e------
|a e-gx---
|
| 050 |
|
4 |
|a KK5572
|
| 072 |
|
7 |
|a LAW
|x 075000
|2 bisacsh
|
| 082 |
0 |
4 |
|a 342.094
|2 23
|
| 084 |
|
|
|a PL 221
|2 rvk
|
| 049 |
|
|
|a TXAM
|
| 245 |
0 |
4 |
|a Die deutsche Staatsrechtslehre in der Zeit des Nationalsozialismus. Europäisches und nationales Verfassungsrecht. Der Staat als Wirtschaftssubjekt und Auftraggeber :
|b Berichte und Diskussionen auf der Tagung der Vereinigung der Deutschen Staatsrechtslehrer in Leipzig vom 4. bis 6. Oktober 2000.
|
| 264 |
|
1 |
|a Warschau/Berlin :
|b De Gruyter Open,
|c [2001]
|
| 264 |
|
4 |
|c ©2001
|
| 300 |
|
|
|a 1 online resource (733 pages) :
|b illustrations.
|
| 336 |
|
|
|a text
|b txt
|2 rdacontent
|
| 337 |
|
|
|a computer
|b c
|2 rdamedia
|
| 338 |
|
|
|a online resource
|b cr
|2 rdacarrier
|
| 347 |
|
|
|a text file
|b PDF
|2 rda
|
| 490 |
0 |
|
|a Veröffentlichungen der Vereinigung der Deutschen Staatsrechtslehrer ;
|v 60
|
| 505 |
0 |
0 |
|t Frontmatter --
|t Inhalt --
|t Jahrestagung 2000 --
|t Ansprache des Vorsitzenden Jochen Abr. Frowein --
|t Erster Beratungsgegenstand: Die deutsche Staatsrechtslehre in der Zeit des Nationalsozialismus --
|t Zweiter Beratungsgegenstand: Europäisches und nationales Verfassungsrecht --
|t Dritter Beratungsgegenstand: Der Staat als Wirtschaftssubjekt und Auftraggeber --
|t Verzeichnis der Redner --
|t Verzeichnis der Mitglieder der Vereinigung der Deutschen Staatsrechtslehrer --
|t Satzung.
|
| 546 |
|
|
|a In German.
|
| 588 |
0 |
|
|a Online resource; title from PDF title page (publisher's Web site, viewed April 03 2015).
|
| 650 |
|
0 |
|a Constitutional law
|z Europe
|v Congresses.
|
| 650 |
|
0 |
|a Constitutional law
|z Germany
|v Congresses.
|
| 650 |
|
0 |
|a Public law
|z Germany
|v Congresses.
|
| 650 |
|
0 |
|a State, The
|v Congresses.
|
| 650 |
|
6 |
|a Droit constitutionnel
|z Europe
|v Congrès.
|
| 650 |
|
6 |
|a Droit constitutionnel
|z Allemagne
|v Congrès.
|
| 650 |
|
6 |
|a Droit public
|z Allemagne
|v Congrès.
|
| 650 |
|
6 |
|a État
|v Congrès.
|
| 650 |
|
7 |
|a LAW
|x Constitutional.
|2 bisacsh
|
| 650 |
|
7 |
|a LAW
|x Public.
|2 bisacsh
|
| 650 |
|
7 |
|a Constitutional law.
|2 fast
|0 (OCoLC)fst00875797
|
| 650 |
|
7 |
|a Public law.
|2 fast
|0 (OCoLC)fst01082619
|
| 650 |
|
7 |
|a State, The.
|2 fast
|0 (OCoLC)fst01131943
|
| 651 |
|
7 |
|a Europe.
|2 fast
|0 (OCoLC)fst01245064
|1 https://id.oclc.org/worldcat/entity/E39PBJxCxPbbk4CPJDQJb4r6rq
|
| 651 |
|
7 |
|a Germany.
|2 fast
|0 (OCoLC)fst01210272
|1 https://id.oclc.org/worldcat/entity/E39PBJtCD3rcKcPDx6FHmjvrbd
|
| 653 |
|
|
|a constitutional law
|
| 653 |
|
|
|a fundamental rights
|
| 653 |
|
|
|a democracy
|
| 655 |
|
7 |
|a Electronic books.
|2 local
|
| 655 |
|
7 |
|a Conference papers and proceedings.
|2 fast
|0 (OCoLC)fst01423772
|
| 710 |
2 |
|
|a Walter de Gruyter & Co.
|
| 776 |
0 |
|
|c Print
|z 9783110171921
|
| 776 |
0 |
|
|c Print+Online
|z 9783111783949
|
| 856 |
4 |
0 |
|u https://www.degruyter.com/openurl?genre=book&isbn=9783110879964
|z Connect to the full text of this electronic book
|t 0
|
| 955 |
|
|
|a De Gruyter Open Access ebooks
|
| 994 |
|
|
|a 92
|b TXA
|
| 999 |
f |
f |
|s c5d91b66-9ba6-4351-bfd1-46f7b1d6e386
|i 4293ae93-ff56-4d4b-940e-0d7ccf4d7307
|t 0
|
| 952 |
f |
f |
|a Texas A&M University
|b College Station
|c Electronic Resources
|d Available Online
|t 0
|e KK5572
|h Library of Congress classification
|
| 998 |
f |
f |
|a KK5572
|t 0
|l Available Online
|